000 00641nam a2200241Ia 4500
003 OSt
005 20221007065440.0
006 a|||||r|||| 00| 0
007 ta
008 221006b |||||||| |||| 00| 0 eng d
024 _a5,673
037 _cTextual
040 _aFLL
_cFLL
_beng
041 _2eng
_aeng
082 _aZ2,93, P0
100 _aTandon M.P.
_9349121
245 0 _aInterpretation of statutes and legislation
250 _a9th
260 _aFaridabad
_b(Haryana) Allahabad law agency India
_c2000
300 _axx,342p
_ccm.
942 _hZ2,93, P0
_cTEXL
_2CC
999 _c1137317
_d1137317